Statistics for 札幌市営地下鉄駅別乗降客数ランキング

Click here to take the quiz!

General Stats

  • This quiz has been taken 26 times
  • The average score is 25 of 46

Answer Stats

順位乗降数路線% Correct
1さっぽろ124,894南北線・東豊線
100%
2大通120,936東西線・南北線・東豊線
95%
3新さっぽろ32,614東西線
91%
4麻生31,706南北線
86%
7琴似24,130東西線
77%
10宮の沢22,852東西線
68%
8白石23,626東西線
68%
12福住22,232東豊線
64%
46自衛隊前5,002南北線
64%
5西18丁目26,516東西線
64%
11円山公園22,820東西線
59%
17真駒内18,180南北線
59%
6西11丁目26,454東西線
59%
22澄川15,646南北線
55%
32中島公園13,040南北線
55%
25発寒南15,226東西線
55%
9北24条23,078南北線
55%
33南平岸12,680南北線
50%
28平岸13,784南北線
50%
13大谷地20,508東西線
50%
19すすきの17,558南北線
50%
18南郷18丁目17,790東西線
50%
14東札幌19,970東西線
45%
42豊平公園8,470東豊線
45%
41美園8,898東豊線
45%
39豊水すすきの9,462東豊線
45%
37二十四軒10,766東西線
45%
34新道東12,554東豊線
45%
24月寒中央15,498東豊線
45%
30栄町13,392東豊線
45%
29学園前13,712東豊線
45%
27東区役所前14,050東豊線
45%
26環状通東14,248東豊線
45%
44北12条7,998南北線
45%
45北13条東6,440東豊線
45%
31南郷13丁目13,258東西線
45%
35北34条11,990南北線
45%
16南郷7丁目18,306東西線
45%
43幌平橋8,116南北線
41%
23元町15,562東豊線
41%
38中の島10,278南北線
41%
40ひばりが丘9,022東西線
41%
15菊水18,706東西線
41%
21バスセンター前16,730東西線
41%
36北18条11,542南北線
41%
20西28丁目16,916東西線
36%

Score Distribution

Percentile by Number Answered

Percent of People with Each Score

Your Score History

You have not taken this quiz